| 000 | 00797nam a22002177a 4500 | ||
|---|---|---|---|
| 003 | 0 | ||
| 005 | 20250129103059.0 | ||
| 008 | 150918b xxu||||| |||| 00| 0 eng d | ||
| 050 |
_aPGS HQ 755.8 _b.K26 2015 |
||
| 100 | _aKeh, Kayleen Zakia N. | ||
| 245 |
_aParenting styles and character traits / _cKayleen Zakia N. Keh. |
||
| 260 |
_aLas PiƱas City, Philippines : _bSouthville International School and Colleges, _c2015. |
||
| 300 |
_a30 p. : _bill. ; _c28 cm. _fPASS |
||
| 504 | _aIncludes bibliographical references. | ||
| 650 |
_2Library of Congress Subject Headings _aParent and child. |
||
| 650 |
_2Library of Congress Subject Headings _aParenting. |
||
| 650 | _aCharacter traits in children. | ||
| 650 | _aChild development. | ||
| 650 | _aSixth grade (Education). | ||
| 942 |
_2lcc _cPASS |
||
| 999 |
_c288691 _d288691 |
||